<?xml version="1.0" encoding="UTF-8"?>
<record
    xmlns:xsi="http://www.w3.org/2001/XMLSchema-instance"
    xsi:schemaLocation="http://www.loc.gov/MARC21/slim http://www.loc.gov/standards/marcxml/schema/MARC21slim.xsd"
    xmlns="http://www.loc.gov/MARC21/slim">

  <leader>01951njm a2200373Ia 4500</leader>
  <controlfield tag="001">85744</controlfield>
  <controlfield tag="003">IT-RoPAU</controlfield>
  <controlfield tag="005">20220918181116.0</controlfield>
  <controlfield tag="008">131025s9999    xx            000 0 und d</controlfield>
  <datafield tag="040" ind1=" " ind2=" ">
    <subfield code="a">IT-RoPAU</subfield>
  </datafield>
  <datafield tag="040" ind1=" " ind2=" ">
    <subfield code="c">IT-RoPAU</subfield>
  </datafield>
  <datafield tag="041" ind1=" " ind2=" ">
    <subfield code="a">SPAGNOLO</subfield>
  </datafield>
  <datafield tag="999" ind1=" " ind2=" ">
    <subfield code="c">99414</subfield>
    <subfield code="d">99414</subfield>
  </datafield>
  <datafield tag="999" ind1=" " ind2=" ">
    <subfield code="b">n.d.</subfield>
  </datafield>
  <datafield tag="100" ind1=" " ind2=" ">
    <subfield code="a">AA.VV.</subfield>
    <subfield code="9">794</subfield>
  </datafield>
  <datafield tag="100" ind1=" " ind2=" ">
    <subfield code="e">Autore musica</subfield>
    <subfield code="9">26622</subfield>
  </datafield>
  <datafield tag="100" ind1=" " ind2=" ">
    <subfield code="g">Codice autore musica SPICS: 12000</subfield>
    <subfield code="9">796</subfield>
  </datafield>
  <datafield tag="245" ind1=" " ind2=" ">
    <subfield code="a">Momentos de paz - 2</subfield>
  </datafield>
  <datafield tag="250" ind1=" " ind2=" ">
    <subfield code="a">1a ed.</subfield>
  </datafield>
  <datafield tag="260" ind1=" " ind2=" ">
    <subfield code="a">MADRID</subfield>
  </datafield>
  <datafield tag="260" ind1=" " ind2=" ">
    <subfield code="b">EDICIONES PAULINAS</subfield>
    <subfield code="c">1989 [1a Ed.:1989 - Ed. Lingua Orig.: 1989]</subfield>
  </datafield>
  <datafield tag="300" ind1=" " ind2=" ">
    <subfield code="a">MUSICASSETTA</subfield>
  </datafield>
  <datafield tag="500" ind1=" " ind2=" ">
    <subfield code="a">Musica religiosa.</subfield>
  </datafield>
  <datafield tag="505" ind1=" " ind2=" ">
    <subfield code="a">Oh, Dios, tu mereces un himno en Sion - Busca una esperanza - Para que escuchase el viento - Yo voy por la vida - Tu pones lo demas - Tuyo soy - A quien se parece - Si vienes con migo - Perdonanos nuestras culpas - Sube a la montana</subfield>
  </datafield>
  <datafield tag="650" ind1=" " ind2=" ">
    <subfield code="a">RELIGIOSO [CASSETTE]</subfield>
    <subfield code="e">Codice MATERIA SPICS: 9951</subfield>
    <subfield code="9">785</subfield>
  </datafield>
  <datafield tag="700" ind1=" " ind2=" ">
    <subfield code="a">Palazon Francisco</subfield>
    <subfield code="d">Codice autore musica SPICS: 11053</subfield>
    <subfield code="e">Autore musica</subfield>
    <subfield code="p">Oh, Dios, tu mereces un himno en Sion - Para que escuchase el viento - A quien se parece</subfield>
    <subfield code="9">26623</subfield>
  </datafield>
  <datafield tag="700" ind1=" " ind2=" ">
    <subfield code="a">Gabarain C.</subfield>
    <subfield code="d">Codice autore musica SPICS: 30352</subfield>
    <subfield code="e">Autore musica</subfield>
    <subfield code="p">Busca una esperanza - Tu pones lo demas - Si vienes con migo</subfield>
    <subfield code="9">26624</subfield>
  </datafield>
  <datafield tag="700" ind1=" " ind2=" ">
    <subfield code="a">Lukoki</subfield>
    <subfield code="d">Codice autore SPICS: 30353</subfield>
    <subfield code="e">Autore</subfield>
    <subfield code="p">Busca una esperanza</subfield>
    <subfield code="9">26625</subfield>
  </datafield>
  <datafield tag="700" ind1=" " ind2=" ">
    <subfield code="a">Olivar Jose Antonio</subfield>
    <subfield code="d">Codice autore musica SPICS: 28699</subfield>
    <subfield code="e">Autore musica</subfield>
    <subfield code="p">Para que escuchase el viento - Yo voy por la vida - A quien se parece</subfield>
    <subfield code="9">26626</subfield>
  </datafield>
  <datafield tag="700" ind1=" " ind2=" ">
    <subfield code="a">Nunez Jose Luis</subfield>
    <subfield code="d">Codice autore SPICS: 28713</subfield>
    <subfield code="e">Autore</subfield>
    <subfield code="p">Yo voy por la vida</subfield>
    <subfield code="9">26627</subfield>
  </datafield>
  <datafield tag="700" ind1=" " ind2=" ">
    <subfield code="a">Alfredo Luis</subfield>
    <subfield code="d">Codice autore musica SPICS: 30354</subfield>
    <subfield code="e">Autore musica</subfield>
    <subfield code="p">Tuyo soy</subfield>
    <subfield code="9">26628</subfield>
  </datafield>
  <datafield tag="700" ind1=" " ind2=" ">
    <subfield code="a">Madurga J.</subfield>
    <subfield code="d">Codice autore musica SPICS: 30383</subfield>
    <subfield code="e">Autore musica</subfield>
    <subfield code="p">Perdonanos nuestras culpas</subfield>
    <subfield code="9">26629</subfield>
  </datafield>
  <datafield tag="700" ind1=" " ind2=" ">
    <subfield code="a">Erdozain Carmelo</subfield>
    <subfield code="d">Codice autore musica SPICS: 10881</subfield>
    <subfield code="e">Autore musica</subfield>
    <subfield code="p">Sube a la montana</subfield>
    <subfield code="9">26630</subfield>
  </datafield>
  <datafield tag="942" ind1=" " ind2=" ">
    <subfield code="c">MC</subfield>
    <subfield code="2">ddc</subfield>
  </datafield>
  <datafield tag="952" ind1=" " ind2=" ">
    <subfield code="0">0</subfield>
    <subfield code="1">0</subfield>
    <subfield code="4">0</subfield>
    <subfield code="6">85744_000000000000000</subfield>
    <subfield code="7">1</subfield>
    <subfield code="a">SPICS</subfield>
    <subfield code="b">SPICS</subfield>
    <subfield code="d">2013-10-25</subfield>
    <subfield code="l">0</subfield>
    <subfield code="o">85744</subfield>
    <subfield code="r">2013-10-25 00:00:00</subfield>
    <subfield code="w">2013-10-25</subfield>
    <subfield code="y">MC</subfield>
    <subfield code="z">Progr. Ins.: 21337 / N.Vol.: 1 / Copie: 1 - Copia rara: n.d. / date import: 01.01.2014 - By Epidotti, Trombetti, Vaglietti</subfield>
  </datafield>
</record>
